Los equipos directivos de los centros docentes : análisis de su funcionamiento /
Investigación educativa sobre el funcionamiento de equipos directivos en centros docentes, basada en un trabajo de campo realizado con planteles de educación primaria y secundaria, de carácter privado y público, en Cataluña y el País Vasco, España. Los autores enfatizan la necesidad de crear modelos...
Αποθηκεύτηκε σε:
| Κύριος συγγραφέας: | |
|---|---|
| Άλλοι συγγραφείς: | |
| Μορφή: | Βιβλίο |
| Γλώσσα: | Ισπανικά |
| Έκδοση: |
Bilbao, España :
Universidad de Deusto, Instituto de Ciencias de la Educación : Mensajero,
1999, c1999
|
| Θέματα: | |
| Ετικέτες: |
Δεν υπάρχουν, Καταχωρήστε ετικέτα πρώτοι!
|
MARC
| LEADER | 00000nam^a2200000^a^4500 | ||
|---|---|---|---|
| 001 | 000136698 | ||
| 005 | 20250521000000.0 | ||
| 009 | 20260310095329.585 | ||
| 020 | |a 84-271-2287-X | ||
| 037 | |a Acervo ITESO - Biblioteca | ||
| 041 | |a ESP | ||
| 082 | |a 371. 2 |b GAI | ||
| 100 | |a Gairín Sallán, Joaquín |e (autor) | ||
| 245 | 1 | 4 | |a Los equipos directivos de los centros docentes : |b análisis de su funcionamiento / |c Ed. de J. Gairín Sallán, A. Villa Sánchez. |
| 264 | 4 | |a Bilbao, España : |b Universidad de Deusto, Instituto de Ciencias de la Educación : |b Mensajero, |c 1999, c1999 | |
| 300 | |a 375 p. | ||
| 336 | |a texto |b txt |2 rdacontenido | ||
| 337 | |a sin mediación |b n |2 rdamedio | ||
| 338 | |a volumen |b nc |2 rdasoporte | ||
| 520 | |a Investigación educativa sobre el funcionamiento de equipos directivos en centros docentes, basada en un trabajo de campo realizado con planteles de educación primaria y secundaria, de carácter privado y público, en Cataluña y el País Vasco, España. Los autores enfatizan la necesidad de crear modelos organizativos de trabajo en equipo, favorables al desarrollo de comunidades educativas participativas y preocupadas por la resolución colectiva de sus problemas, y manifiestan la importancia particular que tiene el involucramiento de los equipos directivos en la definición y desarrollo de proyectos institucionales propios, más allá de la gestión de demandas externas y el ejercicio de procesos de control. | ||
| 649 | |a XX | ||
| 650 | |a Autoridades Escolares | ||
| 650 | |a Educadores Españoles | ||
| 650 | |a Trabajo en Equipo | ||
| 650 | |a División del Trabajo | ||
| 650 | |a Organización Administrativa | ||
| 650 | |a Desarrollo Organizacional | ||
| 650 | |a Proceso Administrativo | ||
| 650 | |a Investigación Educativa | ||
| 650 | |a Instituciones Educativas - |z Cataluña, España | ||
| 650 | |a Instituciones Educativas - |z País Vasco, España | ||
| 650 | |a Educación Primaria - |z Cataluña, España | ||
| 650 | |a Educación Primaria - |z País Vasco, España | ||
| 650 | |a Educación Media Básica - |z Cataluña, España | ||
| 650 | |a Educación Media Básica - |z País Vasco, España | ||
| 700 | |a Villa Sánchez, Aurelio |e (edición) | ||
| 910 | |a Fondo General | ||
| 920 | |a Impresos - Libros | ||
| 930 | |a Colección General | ||
| 905 | |a 101 | ||
| 901 | |a 0500065486 |b IT1 |c ACC |u 20250521 | ||
| 902 | |a https://opac.biblio.iteso.mx/vufind/Record/000136698 | ||